Wong's nursing care of infants and children / (Record no. 283748)
[ view plain ]
| 000 -LEADER | |
|---|---|
| fixed length control field | 01263nam a2200325 a 4500 |
| 001 - CONTROL NUMBER | |
| control field | MEB023260 |
| 003 - CONTROL NUMBER IDENTIFIER | |
| control field | PILC |
| 005 - DATE AND TIME OF LATEST TRANSACTION | |
| control field | 20150309092751.0 |
| 008 - FIXED-LENGTH DATA ELEMENTS--GENERAL INFORMATION | |
| fixed length control field | |
| 020 ## - INTERNATIONAL STANDARD BOOK NUMBER | |
| International Standard Book Number | 9780323039635 |
| 020 ## - INTERNATIONAL STANDARD BOOK NUMBER | |
| International Standard Book Number | 9789812721013 |
| 040 ## - CATALOGING SOURCE | |
| Original cataloging agency | UKM |
| Transcribing agency | UKM |
| Modifying agency | BAKER |
| -- | EEM |
| 049 ## - LOCAL HOLDINGS (OCLC) | |
| Holding library | EEMR |
| -- | QEMI |
| 050 ## - LIBRARY OF CONGRESS CALL NUMBER | |
| Classification number | RJ 245 |
| Item number | .H659 2007 |
| 100 1# - MAIN ENTRY--PERSONAL NAME | |
| Personal name | Hockenberry, Marilyn J. |
| 245 10 - TITLE STATEMENT | |
| Title | Wong's nursing care of infants and children / |
| Statement of responsibility, etc | Marilyn J. Hockenberry. |
| 246 3# - VARYING FORM OF TITLE | |
| Title proper/short title | Nursing care of infants and children. |
| 250 ## - EDITION STATEMENT | |
| Edition statement | 8th ed. / |
| Remainder of edition statement | Marilyn J. Hockenberry, David Wilson. |
| 260 ## - PUBLICATION, DISTRIBUTION, ETC. (IMPRINT) | |
| Place of publication, distribution, etc | Edinburgh : |
| Name of publisher, distributor, etc | Elsevier Mosby, |
| Date of publication, distribution, etc | c2007. |
| 300 ## - PHYSICAL DESCRIPTION | |
| Extent | xxxii, 1082 pages : |
| Other physical details | colored illustrations ; |
| Dimensions | 29 cm. |
| 500 ## - GENERAL NOTE | |
| General note | Previous ed.: St. Louis, Mo.: London: Mosby, 2003. |
| 500 ## - GENERAL NOTE | |
| General note | Accompanied by 1 CD-ROM titled: Companion CD, containing interactive applications, NCLEX review questions, video clips, animations, critical thinking questions, case students, and assessment tools. |
| 521 ## - TARGET AUDIENCE NOTE | |
| Target audience note | Nursing |
| 650 #0 - SUBJECT ADDED ENTRY--TOPICAL TERM | |
| Topical term or geographic name as entry element | Pediatric nursing. |
| 700 1# - ADDED ENTRY--PERSONAL NAME | |
| Personal name | Wilson, David, |
| Dates associated with a name | 1950 Aug. 25- |
| 700 1# - ADDED ENTRY--PERSONAL NAME | |
| Personal name | Wong, Donna L., |
| Dates associated with a name | 1948- |
| 942 ## - ADDED ENTRY ELEMENTS (KOHA) | |
| Source of classification or shelving scheme | Library of Congress Classification |
| Koha item type | Books |
| Withdrawn status | Lost status | Source of classification or shelving scheme | Materials specified (bound volume or other part) | Damaged status | Home library | Current library | Shelving location | Date acquired | Source of acquisition | Total Checkouts | Full call number | Barcode | Date last seen | Price effective from | Koha item type | Sub Shelving location |
|---|---|---|---|---|---|---|---|---|---|---|---|---|---|---|---|---|
| Library of Congress Classification | vol.1 | College Library | College Library | General Circulation Section | 03/09/2015 | Library Fund | RJ 245 .H659 2007 vol.1 | C19215 | 05/15/2018 | 03/09/2015 | Books | |||||
| Library of Congress Classification | vol.1 | College Library | College Library | General Circulation Section | 03/19/2015 | Library Fund | RJ 245 .H659 2007 vol.1 | C19231 | 05/15/2018 | 03/19/2015 | Books |